Inventaire des inscriptions hatréennes BAH 139,Paris, 1991. Corrigendas et addendas
| Main Author: | |
|---|---|
| Format: | Print Article |
| Language: | French |
| Check availability: | HBZ Gateway |
| Interlibrary Loan: | Interlibrary Loan for the Fachinformationsdienste (Specialized Information Services in Germany) |
| Published: |
1994
|
| In: |
Syria
Year: 1994, Volume: 71, Issue: 3-4, Pages: 409-414 |
| Standardized Subjects / Keyword chains: | B
Arameans
/ Inscription
|
| RelBib Classification: | BC Ancient Orient; religion HH Archaeology TC Pre-Christian history ; Ancient Near East |
| Further subjects: | B
Hatra
|
MARC
| LEADER | 00000naa a22000002c 4500 | ||
|---|---|---|---|
| 001 | 1650179383 | ||
| 003 | DE-627 | ||
| 005 | 20190311192914.0 | ||
| 007 | tu | ||
| 008 | 190311s1994 xx ||||| 00| ||fre c | ||
| 035 | |a (DE-627)1650179383 | ||
| 035 | |a (DE-576)51903578X | ||
| 035 | |a (DE-599)BSZ51903578X | ||
| 040 | |a DE-627 |b ger |c DE-627 |e rakwb | ||
| 041 | |a fre | ||
| 084 | |a 1 |2 ssgn | ||
| 100 | 1 | |a Aggoula, Basile |4 aut | |
| 245 | 1 | 0 | |a Inventaire des inscriptions hatréennes BAH 139,Paris, 1991. Corrigendas et addendas |
| 264 | 1 | |c 1994 | |
| 336 | |a Text |b txt |2 rdacontent | ||
| 337 | |a ohne Hilfsmittel zu benutzen |b n |2 rdamedia | ||
| 338 | |a Band |b nc |2 rdacarrier | ||
| 651 | 7 | |0 (DE-588)4023627-4 |0 (DE-627)106302612 |0 (DE-576)208950532 |a Hatra |2 gnd | |
| 652 | |a BC:HH:TC | ||
| 689 | 0 | 0 | |d s |0 (DE-588)4002557-3 |0 (DE-627)106392905 |0 (DE-576)208847642 |2 gnd |a Aramäer |
| 689 | 0 | 1 | |d s |0 (DE-588)4027107-9 |0 (DE-627)10628598X |0 (DE-576)208969276 |2 gnd |a Inschrift |
| 689 | 0 | |5 (DE-627) | |
| 773 | 0 | 8 | |i In |t Syria |d Beyrouth : IFPO, 1920 |g 71(1994), 3-4, Seite 409-414 |w (DE-627)129479233 |w (DE-600)204081-5 |w (DE-576)014860902 |x 0039-7946 |7 nnas |
| 773 | 1 | 8 | |g volume:71 |g year:1994 |g number:3-4 |g pages:409-414 |
| 935 | |a BIIN | ||
| 951 | |a AR | ||
| BIB | |a 1 | ||
| ELC | |b 1 | ||
| ITA | |a 1 |t 1 | ||
| LOK | |0 000 xxxxxcx a22 zn 4500 | ||
| LOK | |0 001 3336054214 | ||
| LOK | |0 003 DE-627 | ||
| LOK | |0 004 1650179383 | ||
| LOK | |0 005 20190311192914 | ||
| LOK | |0 008 190311||||||||||||||||ger||||||| | ||
| LOK | |0 035 |a (DE-Tue135-1)85989 | ||
| LOK | |0 040 |a DE-Tue135-1 |c DE-627 |d DE-Tue135-1 | ||
| LOK | |0 852 |a DE-Tue135-1 | ||
| LOK | |0 852 1 |c FTHAT097816/71/AAB/3 |m p |9 00 | ||
| LOK | |0 852 2 |b Z 4/805 |9 00 | ||
| LOK | |0 935 |a iZSA | ||
| LOK | |0 936ln |0 1442044187 |a HH | ||
| LOK | |0 936ln |0 1442043377 |a BC | ||
| LOK | |0 936ln |0 1442053569 |a TC | ||
| LOK | |0 938 |k p | ||
| LOK | |0 939 |a 11-03-19 |b l12 | ||
| ORI | |a SA-MARC-ixtheoa001.raw | ||
| REL | |a 1 | ||
| STA | 0 | 0 | |a Arameans,Aramaeans,Inscription,Inscription,Epigraph |
| STB | 0 | 0 | |a Araméens,Inscription,Inscription |
| STC | 0 | 0 | |a Arameo,Inscripción,Inscripción |
| STD | 0 | 0 | |a Aramei,Iscrizione,Iscrizione |
| STE | 0 | 0 | |a 铭文,题词,阿拉米人,阿拉姆人,亚兰人 |
| STF | 0 | 0 | |a 銘文,題詞,阿拉米人,阿拉姆人,亞蘭人 |
| STG | 0 | 0 | |a Arameu,Inscrição,Inscrição |
| STH | 0 | 0 | |a Арамеец,Надпись (мотив),Надпись |
| STI | 0 | 0 | |a Αραμαίοι,Επιγραφή (μοτίβο),Επιγραφή |
| SUB | |a BIB |a REL | ||
| SYG | 0 | 0 | |a Epigraph,Inschriften,Epigraf |



